000 00450nam a2200181Ia 4500
008 240925s9999 xx 000 0 und d
020 _a618381910
082 _a330 TAY
100 _aTaylor, John P.
245 0 _aEconomics
250 _a4th
260 _aBoston:
_bHoughton Mifflin Company
_c,2004.
300 _axxiv,551p.
_bN.A
_fOriginal
500 _aIncludes Index
600 _aSocial Sciences
650 _aSocial Sciences
942 _cBK
999 _c14547
_d14547